00715cam a2200205Ia 4500020001500000040000800015082002600023245013200049260006100181300003100242650001600273650001700289650001700306650001600323650003800339700001900377710002000396710005500416710003800471 a0934519013 cWIX a634 ICR 1987 A036 Co.00aLand, trees and tenure :bproceedings of an international workshop on tenure issues in agroforestry, Nairobi, May 27-31, 1985 / aNairobi :bICRAF ;aMadison :bLand Tenure Center,c1987 ax, 412 p. :bill. ;c23 cm 0aLand tenure 0aAgroforestry 0aAgroforestry 0aLand tenure 0aAgricultural development projects1 aRaintree, J. B2 aFord Foundation2 aInternational Council for Research in Agroforestry2 aUniversity of Wisconsin--Madison.